| 000 | 00468nam a2200169Ia 4500 | ||
|---|---|---|---|
| 008 | 221030s9999 xx 000 0 und d | ||
| 020 | _a8185749841 | ||
| 041 | _aEnglish | ||
| 082 |
_a105.23 _bRai |
||
| 100 | _aK. B. Raina | ||
| 245 | 0 |
_aElectrical Engineering Materials & Electronic Components _cby K. B. Raina, S. K. Bhattacharya |
|
| 260 |
_bS.K. Kataria & Sons _aNew Delhi _c2002 |
||
| 300 | _a210 | ||
| 650 | _aEE | ||
| 700 | _aS. K. Bhattacharya | ||
| 942 | _cBK | ||
| 999 |
_c3231 _d3231 |
||